000 00747nam a22002297a 4500
003 dpl
005 20180814124123.0
008 180814b xxu||||| |||| 00| 0 eng d
010 _aB-109021
020 _c40.00
_a8170581338
035 _aB-109021, A-752982
037 _bCen Lib/Ret
040 _aDPL
_bEN
_c0
082 _a181.499
_bCOM
245 _aThe mother Commentaries on the dhammapada /
260 _aPondicherry
_bSri Arbindo Ashram Publications
_c2005
270 _aPondicherry
_bPondicherry
_e605002
300 _a118p. :
_c17cm(pbk)
_bill.
650 _aTipiṭaka.--Suttapiṭaka.
_914862
650 _aTipiṭaka.--Suttapiṭaka.--Khuddakanikāya.--Dhammapada
_997470
942 _2ddc
_cEN
_h181.499
_mCOM
999 _c135509
_d135509